=LDR 00000nam 2200000 4500 =001 INLIS000000000060663 =005 20220311015841 =035 ##$$a 0010-0322000016 =007 ta =008 220311###########################0#ind## =020 ##$$a 976-623-216-239-4 =082 ##$$a 658.45 =084 ##$$a 658.45 Lei k =245 ##$$a Komunikasi Korporat : $b Konteks Teori Dan Praktis /$c Dr. Leila Mona Ganiem, M.Si =250 ##$$a Cet.2 =300 ##$$a 268 : $b Ilustrasi ; $c 23 Cm. =650 #4$$a Komunikasi Dan Manajemen =700 #$$a Editor; Dina Feirus S.I. kom =504 ##$$a Bibliografi; halaman 263-264; biografi ; halaman 265-268 =264 ##$$a Jakarta :$b Prenamedia Group,$c 2020 =336 ##$$a teks$2 rdacontent =337 ##$$a lain-lain$2 rdamedia =338 ##$$a lain-lain$2 rdacarrier =990 ##$$a 07800780 =990 ##$$a 07800780 =990 ##$$a 07800780 =990 ##$$a 07800780